zpět

Detail výsledku týmu

Pivovar Horymír - Radotín, Praha

Datum a čas kvízu

32 Celkem bodů Celkový počet nahraných bodů na tomto kvízu bez doplňovacích otázek.
5. Pořadí na kvízu Konečné umístění týmu na tomto kvízu.

Zaznamenané odpovědi

# Otázka Odpověď Body Výsledky
1. Bývalá první dáma oslavila v ú... Ivana Zemanová, 60 1
2. Ve vysílání maďarské státní te... Bratislavský hrad 1
3. Režisér Karel Janák minulý týd... Snowboarďáci 1
4. Skupina Seyfor vedená Martinem... Dotykačka 1
5. Minulý týden plnil stránky spo... Andrej Kollár 0
6. Podíváme se na několik známých... Džoser 0
7. V Egyptě ještě chvíli zůstane... Tutanchamon 1
8. Kdo je pohřben pod tímto náhro... Josef Skupa 1
9. Ve které evropské metropoli se... v Paříži 1
10. V poslední otázce tématu se po... Jenny Gump 1